La creación del sol y de la luna / (Record no. 125989)

MARC details
000 -CABECERA
campo de control de longitud fija 01196nam a2200301 a 4500
005 - FECHA Y HORA DE LA ÚLTIMA TRANSACCIÓN
campo de control 20240320063706.0
008 - ELEMENTOS DE LONGITUD FIJA--INFORMACIÓN GENERAL
campo de control de longitud fija 080122s1999 mx r 000 0 spa d
020 ## - NÚMERO INTERNACIONAL NORMALIZADO PARA LIBROS
Número Internacional Estándar del Libro 9687723890
035 ## - NÚMERO DE CONTROL DEL SISTEMA
Número de control de sistema UPN01000153868
040 ## - FUENTE DE LA CATALOGACIÓN
Centro catalogador/agencia de origen UPN
Lengua de catalogación spa
Centro/agencia transcriptor UPN
049 ## - COLECCIÓN
Colección CG
050 #4 - SIGNATURA TOPOGRÁFICA DE LA BIBLIOTECA DEL CONGRESO
Número de clasificación PT3919.T7
Número de documento/Ítem C7.4
100 1# - ASIENTO PRINCIPAL--NOMBRE PERSONAL
Nombre de persona Traven, Bruno,
Fechas asociadas al nombre 1890-1969
9 (RLIN) 29464
240 14 - TÍTULO UNIFORME
Título uniforme The creation of the sun and the moon.
Lenguaje de la obra Español
245 13 - MENCIÓN DE TÍTULO
Título La creación del sol y de la luna /
Mención de responsabilidad, etc. B. Traven ; traducido del inglés por Aura Levy y Ella Gedovius ; edición por Jorge Munguía Espitia.
250 ## - MENCIÓN DE EDICIÓN
Mención de edición 1a ed.
260 ## - PUBLICACIÓN, DISTRIBUCIÓN, ETC.
Lugar de publicación, distribución, etc. México :
Nombre del editor, distribuidor, etc. Tusquets Editores,
Fecha de publicación, distribución, etc. 1999.
300 ## - DESCRIPCIÓN FÍSICA
Extensión 177 p.
440 #0 - MENCIÓN DE SERIE/ASIENTO SECUNDARIO--TÍTULO
Título Andanzas
500 ## - NOTA GENERAL
Nota general Traducción de: The creation of the Sun and the Moon, A new God was Born, Conversion of some Indians, The Diplomat, Accomplices, When the Priest is Not at Home, Frustration, Ceremony Slightly Delayed.
534 ## - NOTA SOBRE LA VERSIÓN ORIGINAL
Frase introductoria Título original :
Mención de título del original The creation of the sun and the moon
650 #4 - ASIENTO SECUNDARIO DE MATERIA - TERMINO TEMATICO
Término de materia o nombre geográfico como elemento de entrada Novela estadounidense
9 (RLIN) 4462
700 1# - ASIENTO SECUNDARIO--NOMBRE DE PERSONAL
Nombre de persona Munguía Espitia, Jorge E.,
Término indicativo de función/relación ed.
9 (RLIN) 29688
700 1# - ASIENTO SECUNDARIO--NOMBRE DE PERSONAL
Nombre de persona Levy, Aura,
Término indicativo de función/relación tr.
9 (RLIN) 43870
700 1# - ASIENTO SECUNDARIO--NOMBRE DE PERSONAL
Nombre de persona Gedovius, Ella,
Término indicativo de función/relación tr.
9 (RLIN) 43871
905 ## - TIPO DE MATERIAL
Tipo de material Libro
942 ## - ELEMENTOS DE PUNTO DE ACCESO ADICIONAL (KOHA)
Fuente del sistema de clasificación o colocación Library of Congress Classification
Tipo de ítem Koha Libro
Holdings
Estado de retiro Estado de pérdida Fuente del sistema de clasificación o colocación Estado dañado No para préstamo Código de colección Localización permanente Ubicación/localización actual Ubicación en estantería Fecha de adquisición Total de préstamos Clasificación Código de barras Fecha visto por última vez Número de copia Tipo de ítem Koha
    Library of Congress Classification     Colección General Bib. Gregorio Torres Quintero Bib. Gregorio Torres Quintero Planta baja 03/03/2022 4 PT3919.T7 C7.4 255168 31/12/2020 1 Libro
    Library of Congress Classification     Colección General Bib. Gregorio Torres Quintero Bib. Gregorio Torres Quintero Planta baja 03/03/2022 2 PT3919.T7 C7.4 290925 31/12/2020 ej.2 Libro